Dopad finančnej krízy na bankový sektor EÚ bakalárska práca

Gespeichert in:
Bibliographische Detailangaben
1. Verfasser: Timko, Ivan
Körperschaft: Národohospodárska fakulta EU. Katedra bankovníctva a medzinárodných financií
Weitere Verfasser: Chorvatovič, Martin
Format: Buch
Sprache:Slowakisch
Veröffentlicht: Bratislava 2010
Tags: Tag hinzufügen
Keine Tags, Fügen Sie das erste Tag hinzu!

MARC

LEADER 00000nbm a2200000 4500
001 0135948
005 20110906094521.5
041 0 |a slo 
044 |a SK 
245 1 0 |a Dopad finančnej krízy na bankový sektor EÚ  |b bakalárska práca  |c Ivan Timko ; školiteľ: Martin Chorvatovič 
264 1 |a Bratislava  |c 2010 
300 |a 43 s. 
100 1 |a Timko, Ivan 
700 1 |a Chorvatovič, Martin 
710 2 |a Národohospodárska fakulta EU. Katedra bankovníctva a medzinárodných financií